| 000 | 01063nas a2200265Ia 4500 | ||
|---|---|---|---|
| 001 | R142/77672 | ||
| 003 | IT-RoPAU | ||
| 008 | 151124c99999999xx |||||||||||| ||und|| | ||
| 040 | _aIT-RoPAU | ||
| 040 | _cIT-RoPAU | ||
| 041 | _aFRANCESE | ||
| 100 |
_aSimon Jean-Paul _gCodice Aut. SPICS: 1244 |
||
| 210 | _aRESEAUX | ||
| 222 | _aReseaux | ||
| 245 |
_aRESEAUX, N.046/047 (MARZO/GIUGNO 1991) _bModestes Propositions Pour Une Histoire Du Present: la Communication Comme Entrelacs De Mediations |
||
| 250 | _a1a ed. | ||
| 260 |
_aPARIS _bCNET _c1991 |
||
| 501 |
_bPaulus - SPICS - Società San Paolo EM (non-commercial uses only) _cCopyright2015 |
||
| 300 | _a15 p. [103-117] | ||
| 310 | _aBIMESTRALE | ||
| 362 | _aN.046/047 (MARZO/GIUGNO 1991) | ||
| 500 | _aModeste Proposte per una Storia del Presente: Comunicazione Come Intrecciodi Mediazioni. Invenzione Delle Città Cablate. Storia Politica e Simbolica Delle Istituzioni. Reti di Comunicazione e Nuova Divisione Dello Spazio. | ||
| 650 |
_aCOMUNICAZIONE _vPUBBLICAZIONE PERIODICA |
||
| 942 | _cCR | ||
| 999 |
_c191227 _d191227 |
||